000 00371nam a2200145Ia 4500
100 _arosenblatt/ j./ Aggarwal/ D.k.
650 _aElectrical Engineering
942 _cBK
654 _acurrent machinery
245 _aDirect and alternating current machinery
260 _bTata Mc Graw hill
_aNew Delhi
_c1980
082 _a621.313
300 _a420
546 _aENGLISH
999 _c32528
_d32528